000 00506nam a2200181Ia 4500
008 090124s9999 xx 000 0 und d
082 _b41219
100 _aशिंदे फ.मुं.
245 _a क्षेत्र
250 _a1
260 _bसुरेश एजन्सी
_c2004
300 _a104
600 _aशिंदे फ.मुं.
630 _a क्षेत्र
700 _aशिंदे फ.मुं.
730 _a क्षेत्र
942 _cBOOK
999 _c107362
_d107362